Video /

Uloženo v:
Podrobná bibliografie
Hlavní autor: Alan Maley
Další autoři: Lavery, Mike, Rinvolucri, Mario
Médium: Sách giấy
Jazyk:English
Vydáno: Hong Kong : Oxford University, 1991
Tagy: Přidat tag
Žádné tagy, Buďte první, kdo otaguje tento záznam!
Thư viện lưu trữ: Thư viện Trường Đại học Đà Lạt
LEADER 00645nam a2200265 4500
001 DLU020000817
005 ##1/5/1999
020 # # |a 0-19-437102-6 
041 # # |a eng 
082 # # |a 371.332  |b CO-R 
100 # # |a Alan Maley 
245 # # |a Video /  |c Maley Alan, Richard Cooper, Mike Lavery, Mario Rinvolucri 
260 # # |a Hong Kong :  |b Oxford University,  |c 1991 
300 # # |a VIII, 112 tr.;  |c 24 cm. 
700 # # |a Lavery, Mike 
700 # # |a Rinvolucri, Mario 
992 # # |a 3000 
994 # # |a DLU 
900 # # |a False 
911 # # |a Administrator 
925 # # |a G 
926 # # |a A 
927 # # |a SH 
980 # # |a Thư viện Trường Đại học Đà Lạt